| 000 | 00000nam##2200000za#4500 |
| 001 | 9.608258 |
| 003 | CaOODSP |
| 005 | 20240612102652 |
| 007 | cr ||||||||||| |
| 008 | 150406|2015||||xxc|||||o f|0| 0 fre|d |
| 040 | |aCaOODSP|bfre |
| 043 | |an-cn--- |
| 086 | 1 |aRv55-5/10-17-41-2015F-PDF |
| 110 | 2 |aAgence des services frontaliers du Canada. |
| 245 | 10|aClassement tarifaire des diamants bruts et des diamants non triés |h[ressource électronique] |
| 260 | |aOttawa - Ontario : |bAgence des services frontaliers du Canada |
| 300 | |a6p. |
| 490 | 1 |aMémorandums D des douanes. D10, classification tarifaire/marchandises |vD10-17-41, le 15 janvier 2015 |
| 500 | |aCeci annule le mémorandum D: D10-17-41 daté le 1er novembre 2006 |
| 590 | |a15-04|b2015-01-23 |
| 775 | 08|tTariff classification of rough diamonds, unsorted diamonds, and unworked diamonds |w(CaOODSP)9.581428 |
| 830 | #0|aMémorandums D des douanes. D10, classification tarifaire/marchandises ;|vD10-17-41, le 15 janvier 2015|w(CaOODSP)9.816826 |
| 856 | 40|ahttp://publications.gc.ca|qPDF|s78 Ko|uhttps://publications.gc.ca/collections/collection_2015/asfc-cbsa/Rv55-5-10-17-41-2015-fra.pdf|yD10-17-41, le 15 janvier 2015 |